| 000 | 00680nam a22002297a 4500 | ||
|---|---|---|---|
| 003 | UA-OsUOA | ||
| 001 | 50590 | ||
| 007 | ta | ||
| 008 | 20071120b un ||||| |||| 00| 0 ukr d | ||
| 090 |
_a94+016:9(477) _bС50 |
||
| 942 | _cBK | ||
| 040 |
_aUA-OsUOA _bukr _cUA-OsUOA _dUA-OsUOA |
||
| 245 |
_aСмертю смерть подолали. Голодомор в Україні 1932-1933 _cПанченко П. |
||
| 300 | _a352 с. | ||
| 955 | _a1 | ||
| 041 | _aukr | ||
| 080 | _a94+016:9(477) | ||
| 020 | _a966-524-124-9 | ||
| 260 |
_aК. _bУкраїна _c2003 |
||
| 650 | 7 |
_a01 Бібліографія і бібліографії. Каталоги _2UDC |
|
| 999 |
_c336704 _d336704 |
||